Lewison's drafting business leases (Record no. 103933)

MARC details
000 -LEADER
fixed length control field 01494cam a2200313 4500
001 - CONTROL NUMBER
control field L128495
008 - FIXED-LENGTH DATA ELEMENTS--GENERAL INFORMATION
fixed length control field 050112n2005 000 0 eng u
020 ## - INTERNATIONAL STANDARD BOOK NUMBER
International Standard Book Number 0421908602
035 ## - SYSTEM CONTROL NUMBER
System control number (Sirsi) u128495
041 0# - LANGUAGE CODE
Language code of text/sound track or separate title eng
050 04 - LIBRARY OF CONGRESS CALL NUMBER
Classification number 346.4104343 $2 18
100 1# - MAIN ENTRY--PERSONAL NAME
Personal name Bignell, Janet
245 00 - TITLE STATEMENT
Title Lewison's drafting business leases
250 ## - EDITION STATEMENT
Edition statement 7th ed.
260 ## - PUBLICATION, DISTRIBUTION, ETC.
Place of publication, distribution, etc. London
Name of publisher, distributor, etc. Sweet and Maxwell
Date of publication, distribution, etc. 2005
300 ## - PHYSICAL DESCRIPTION
Extent xlvii, 467p.
Dimensions 24cm.
350 ## - PRICE (NR) (BK AM CF MU VM SE) [OBSOLETE]
Price 98
505 0# - FORMATTED CONTENTS NOTE
Formatted contents note The interpretation of leases -- Formal requirements and registered leases -- Description of property -- Parties and covenants -- The term of the lease -- Rent and rent review -- Insurance and service charges -- Repairs and improvements -- Use of the demised property -- Assignment and subletting -- Statutory protection -- The liability of sureties
520 ## - SUMMARY, ETC.
Summary, etc. Discusses landlords' and tenants' concerns and their bargaining positions, and the contentious issues that arise on preparing a business lease. Discusses the new Land Registry prescribed clauses, the impact of Stamp Duty Land Tax on lease terms and recent developments in case law and drafting.
590 ## - LOCAL NOTE (RLIN)
Local note KA
650 24 - SUBJECT ADDED ENTRY--TOPICAL TERM
Topical term or geographic name entry element LAND REGISTRATION ACT 2002
650 24 - SUBJECT ADDED ENTRY--TOPICAL TERM
Topical term or geographic name entry element LANDLORD AND TENANTS (COVENANTS) ACT 1995
650 24 - SUBJECT ADDED ENTRY--TOPICAL TERM
Topical term or geographic name entry element TOWN AND COUNTRY PLANNING ACT 1990
650 24 - SUBJECT ADDED ENTRY--TOPICAL TERM
Topical term or geographic name entry element LANDLORD AND TENANT ACT 1954
650 24 - SUBJECT ADDED ENTRY--TOPICAL TERM
Topical term or geographic name entry element STAMP DUTY LAND TAX
651 #4 - SUBJECT ADDED ENTRY--GEOGRAPHIC NAME
Geographic name England and Wales
Chronological subdivision 1543-
690 ## - LOCAL SUBJECT ADDED ENTRY--TOPICAL TERM (OCLC, RLIN)
Topical term or geographic name as entry element LANDLORD AND TENANT-BUSINESS TENANCIES
942 ## - ADDED ENTRY ELEMENTS (KOHA)
Suppress in OPAC 0
Holdings
Withdrawn status Lost status Source of classification or shelving scheme Damaged status Not for loan Home library Current library Shelving location Date acquired Cost, normal purchase price Total Checkouts Full call number Barcode Date last seen Date last checked out Copy number Cost, replacement price Price effective from Koha item type
    Dewey Decimal Classification     London London Books 02/01/2007 85.00 4 346.4104343 BIG 30073541 06/08/2019 10/08/2009 1 85.00 06/08/2019 Book